Quizzes
Events
Quiz Creation
Community
Videos
Private Events
Remove Ads
Sign In
Join for FREE
Feedback
Dark Mode
Quiz Categories
Sports
Geography
Music
Movies
Television
Just For Fun
Miscellaneous
History
Literature
Language
Science
Gaming
Entertainment
Religion
Holiday
For Kids
Quiz Lab
Recent
Popular Today
Quiz Kudos Today
Editor Picks
Curator Picks
Quizzes by...
Day
Popularity
Type
Ratings
Length
Year
Community
Subscriptions
Recent Discussions
Orange Saloon
Badges
Playlists
Quests
Create
Leaderboards
Showdown
Live 5
Trivia Bingo
Activity
Puzzle Library
Sporcle Events
Private Events
Virtual Trivia
Globe League
Become a Host
Pub Owners
SporcleCon
Opinionation
Our Games
Videos
Blog
Mobile Apps
Partnerships
Remove Ads and Go Orange
Feedback
Miscellaneous
Crossword
General Knowledge
Baby Names
Logo
Food
Cars
Numbers
Grab Bag
University
College
Popular
Company
Slogans
Restaurants
Justice
Letter
Miscellaneous
Crossword
General Knowledge
Baby Names
Logo
Food
Cars
Numbers
Grab Bag
University
College
Popular
Company
Slogans
Restaurants
Justice
Letter
Random Quiz
Search Sporcle
×
Quiz Lab
Quiz Lab
Miscellaneous
1961
Type in answers that appear in a list
Type in answers that appear in a list
Classic
Best Score? Go Orange.
Top Baby Names 1961 (US) Stats
Can you name the Top Baby Names 1961 (US)?
By
TJL
7m
40 Questions
828 Plays
828 Plays
828 Plays
Comments
Comments
Give Quiz Kudos
Give Quiz Kudos
-
- Ratings
hide this ad
More Info
Replay
Link that replays current quiz
Next Quiz
Link to next quiz in quiz playlist
You Got
0%
They Got
Avg Score
61%
Avg Friend Score
Upgrade to see
Score Distribution
Jump to the score distribution portion of the page
Score
0/40
Timer
07:00
0
Plays Today
Gender
Name
% Correct
Boys
John
94.7%
Boys
Michael
89.7%
Boys
James
86.8%
Boys
Robert
84.3%
Boys
David
82.6%
Boys
William
82.5%
Boys
Thomas
77.6%
Boys
Richard
76.7%
Boys
Paul
75%
Girls
Lisa
74.6%
Girls
Mary
73.9%
Girls
Susan
70.6%
Boys
Mark
70%
Boys
Daniel
69.5%
Boys
Joseph
66.9%
Boys
Steven
66.6%
Boys
Charles
66.3%
Girls
Karen
65.5%
Girls
Linda
64.4%
Girls
Teresa
61.2%
Gender
Name
% Correct
Girls
Patricia
58.6%
Boys
Timothy
54.5%
Girls
Sandra
52.5%
Boys
Kevin
52.4%
Girls
Pamela
52.1%
Boys
Brian
51.5%
Girls
Nancy
51.5%
Girls
Brenda
51%
Girls
Barbara
50.9%
Girls
Elizabeth
50.7%
Girls
Deborah
47.3%
Girls
Donna
46.9%
Girls
Cynthia
45.3%
Boys
Kenneth
44.3%
Boys
Jeffrey
41.6%
Girls
Sharon
41.2%
Boys
Scott
39.7%
Girls
Lori
39.5%
Girls
Debra
36.9%
Girls
Cheryl
16.7%
Quiz Playlist
Details
Report
Send in Message
Add To Playlist
More Info:
Somehow, Michael Obama just doesn't have the same ring to it
Classic:
Type in answers that appear in a list
Quiz Source
Last Updated: Feb 16, 2017
Quiz Scoreboard
CHALLENGE
Sign Up to Join the Scoreboard
Show All
Scores
Hide
Comments
May contain spoilers
Recently Published
Movies - When Are They Set?
by FPL_Elf
Movies
5m
Popular People in 1961
by mucciniale
History
6m
1-10 Letter E Words III
by El_Dandy
Language
2m
More to Explore
Quiz From the Vault
Featured Blog Post
Where Did the Easter Bunny Come From?
hide this ad
You Might Also Like...
Tags
1961
Baby
Gender
Top Baby
Today's Top Quizzes in Miscellaneous
Browse Miscellaneous
hide this ad
Today's Top Quizzes in 1961
Browse 1961
Top Contributed Quizzes in Miscellaneous
1
5-to-1: Fast Food
2
The JOE quick-fire general knowledge quiz: Day 173
3
The JOE quick-fire general knowledge quiz: Day 172
4
Sunday Crossword: Famous Bodies of Water
5
The JOE quick-fire general knowledge quiz: Day 171
6
One Thing in Common: United Kingdom II
7
Named After an Animal - Odd One Out!
8
The JOE quick-fire quiz: Day 170
9
sort kpop groups by number of members
10
Sunday Crossword: Themeless #5
Explore More
Trending Topics
NBA
Anime
Disney
Crossword
Kpop
Marvel
Harry Potter
Puzzle
Pokémon
NFL
Country
The Office
Soccer
Song
WWE
hide this ad
More By:
TJL
Quiz
Plays
Rating
Category
Featured
Created
US Presidents Bunker
1,713,613
3.99
History
Apr 15, 2010
Bible Books in Order
83,553
4.41
Religion
May 4, 2010
Longest Serving Senators
41,642
3.79
History
Sep 24, 2009
Queen Elizabeth II Prime Ministers
38,848
4.60
History
Nov 11, 2010
British Monarchs in Exact Order
31,263
3.45
History
Jun 2, 2011
Go to Creator's Profile
Score Distribution
Quiz Creator Spotlight
TJL
Follow
Send a Message
Quizzes Created
-
Created Quiz Play Count
-
More By This Creator
Popular Quizzes Today
1
Find the Countries of Europe - No Outlines Minefield
2
Find the US States - No Outlines Minefield
3
The Countries of the World
4
Popular People in 1961
5
US States
6
1-10 Letter E Words III
7
Find the US States
8
One Thing in Common: World Cities II
More Miscellaneous Quizzes
Put a Name to a Face IV
Published
Trending Quizzes
Risky Map Clicking: Least Populous States A-Z
1-10 Letter F Words
1-10 Letter G Words
One Thing in Common: United Kingdom
Risky Map Clicking: Next State Alphabetically
Recently Updated
Leaping Animals
pecheneg
Reality TV Shows (A-Z)
bhenderson79
Rickey Henderson's Hall of Fame Teammates
pecheneg
Champions League XIs: Arsenal
pecheneg
Quick Pick: Celebrities in WWE's Hall of Fame
aduchscher
A-Z Keypad Blitz II
pecheneg
Multiple Oscar Actors
pecheneg
Mystery Phrase Blitz: Oscar 'Best Actors'
pecheneg
F. Scott Fitzgerald Novels
LTH
Pick 3 Villains
ddd62291
Trending Topics
Disney
Harry Potter
Crossword
Anime
Kpop
Marvel
NBA
NFL
Soccer
Country
The Office
Puzzle
Pokémon
WWE
Song
Your Account Isn't Verified!
In order to create a playlist on Sporcle, you need to verify the email address you used during registration. Go to your
Sporcle Settings
to finish the process.
Report this User
Report this user for behavior that violates our
Community Guidelines
.
Details:
Send Report
Go to the Sporcle.com Mobile Site →
Comments